000 00470nam a2200193Ia 4500
003 GCL
008 140319s9999 xx 000 0 eng d
040 _aGCL /
_cGCL
082 0 4 _a616.12
_bJ D
100 1 _aJULIAN, DESMOND .G
245 1 0 _aDISEASES OF THE HEART /
_cJULIAN, DESMOND .G
700 1 _aCAMM, A. JOHN
700 1 _aFOX, KIM. M
260 _a[S.N] :
_bELBS
300 _a1709\P
650 0 4 _aCARDIOLOGY
650 0 4 _aHEART DISEASES
942 _2ddc
_cBK
999 _c20037
_d20037